[Event "Lloyds Bank Masters 17th"]
[Site "London"]
[Date "1993.08.28"]
[Round "8"]
[White "Rogers, Ian"]
[Black "Ledger, Andrew"]
[Result "1-0"]
[WhiteElo "2595"]
[BlackElo "2375"]
[PlyCount "109"]
[EventDate "1993.08.21"]
[EventType "swiss"]
[EventRounds "10"]
[EventCountry "ENG"]

1. c4 Nf6 2. Nc3 e5 3. g3 Bb4 4. Bg2 O-O 5. Qb3 Nc6 6. Bxc6 Bxc3 7. Bg2 Ba5 8.
Nf3 Re8 9. O-O c6 10. d3 h6 11. Bd2 Bxd2 12. Nxd2 d5 13. cxd5 cxd5 14. Rfc1 b6
15. Nf3 d4 16. Qc2 Bb7 17. Qc7 Re7 18. Qxd8+ Rxd8 19. Nd2 Ne8 20. Bxb7 Rxb7 21.
Rc6 Rdd7 22. Rac1 Rbc7 23. f4 exf4 24. gxf4 Rxc6 25. Rxc6 Nd6 26. Nf3 Nf5 27.
Rc8+ Kh7 28. Ne5 Re7 29. Kf2 f6 30. Nc6 Rd7 31. Rd8 Rxd8 32. Nxd8 Ne7 33. Ne6
Nc6 34. f5 g5 35. Kf3 h5 36. Ke4 g4 37. Nxd4 Ne5 38. Ke3 Kh6 39. Ne6 h4 40. Kf2
Kh5 41. b3 g3+ 42. hxg3 h3 43. Kg1 Kg4 44. Kh2 Nc6 45. d4 Kxf5 46. d5 Nb4 47.
Nf4 a5 48. Kxh3 b5 49. d6 Nc6 50. d7 b4 51. Kh4 Nd8 52. Kh5 Nf7 53. Nd3 Nd8 54.
Nc5 Ke5 55. Kg6 1-0

[Event "Lloyds Bank Masters 17th"]
[Site "London"]
[Date "1993.08.28"]
[Round "8"]
[White "Thipsay, Praveen Mahadeo"]
[Black "Rossiter, Philip J"]
[Result "1/2-1/2"]
[WhiteElo "2465"]
[BlackElo "2330"]
[PlyCount "100"]
[EventDate "1993.08.21"]
[EventType "swiss"]
[EventRounds "10"]
[EventCountry "ENG"]

1. e4 c5 2. Nf3 e6 3. d4 cxd4 4. Nxd4 Nf6 5. Nc3 d6 6. Be2 Be7 7. O-O O-O 8. f4
Nc6 9. Be3 Qc7 10. Kh1 a6 11. a4 Re8 12. Qd2 Bd7 13. Nb3 b6 14. Rad1 Bc8 15.
Bf3 Rb8 16. g4 Bb7 17. g5 Nd7 18. Bg2 Nc5 19. Qf2 Rbd8 20. Qh4 g6 21. Rf3 h5
22. Rh3 Bf8 23. Bf3 Ne7 24. Kg1 Bg7 25. a5 bxa5 26. Nxc5 dxc5 27. Re1 Qb6 28.
Na4 Qb4 29. Nxc5 Qxb2 30. Nxb7 Qxb7 31. Qf2 Qb4 32. Bc5 Qd2 33. Bg2 Nc6 34. Ra3
Qxf2+ 35. Bxf2 Bf8 36. Ra4 Nb4 37. Re2 Rd1+ 38. Bf1 Rc8 39. Re1 Rd2 40. Be3
Rdxc2 41. Rxa5 Bc5 42. Bxc5 R8xc5 43. Rea1 R5c3 44. R5a3 Rxa3 45. Rxa3 Rc6 46.
Ra4 Rb6 47. Kf2 Kf8 48. Ke3 Ke7 49. Kd2 Kd6 50. Kc3 Kc5 1/2-1/2

[Event "Lloyds Bank Masters 17th"]
[Site "London"]
[Date "1993.08.28"]
[Round "8"]
[White "Levitt, Jonathan"]
[Black "Marusenko, Petr"]
[Result "1-0"]
[WhiteElo "2455"]
[BlackElo "2370"]
[PlyCount "93"]
[EventDate "1993.08.21"]
[EventType "swiss"]
[EventRounds "10"]
[EventCountry "ENG"]

1. d4 f5 2. g3 Nf6 3. Bg2 g6 4. c4 Bg7 5. Nc3 O-O 6. Nh3 Nc6 7. O-O d6 8. d5
Ne5 9. b3 c5 10. Bb2 a6 11. Qd2 Rb8 12. f4 Neg4 13. Ng5 b5 14. h3 Nh6 15. Rab1
Qa5 16. Rfc1 Nf7 17. Nxf7 Rxf7 18. a3 Bd7 19. Ne4 Qxd2 20. Nxd2 Rff8 21. Bc3 e6
22. dxe6 Bxe6 23. Ba5 d5 24. e3 bxc4 25. bxc4 dxc4 26. Rxb8 Rxb8 27. Nxc4 Ne4
28. g4 Rb3 29. Bxe4 fxe4 30. Kf2 h5 31. Nd2 Rb5 32. Bc3 Bxc3 33. Rxc3 Rb2 34.
Ke1 c4 35. Nxe4 Rh2 36. Ng5 Bf7 37. gxh5 gxh5 38. Nxf7 Kxf7 39. Rxc4 Ke6 40.
Rc5 h4 41. Ra5 Kd6 42. Rxa6+ Kd5 43. Ra4 Rxh3 44. Ke2 Rg3 45. Ra5+ Kc4 46. Rh5
h3 47. a4 1-0

[Event "Lloyds Bank Masters 17th"]
[Site "London"]
[Date "1993.08.28"]
[Round "8"]
[White "Regan, Natasha"]
[Black "Koshy, Varugeese"]
[Result "0-1"]
[WhiteElo "2140"]
[BlackElo "2415"]
[PlyCount "94"]
[EventDate "1993.08.21"]
[EventType "swiss"]
[EventRounds "10"]
[EventCountry "ENG"]

1. c4 g6 2. Nc3 Bg7 3. g3 c5 4. Bg2 Nc6 5. d3 d6 6. e4 e6 7. Nge2 Nge7 8. O-O
O-O 9. Be3 Nd4 10. Qd2 Rb8 11. Rae1 Qd7 12. f4 b6 13. f5 exf5 14. Bh6 fxe4 15.
Bxg7 Kxg7 16. Nxd4 cxd4 17. Nxe4 Nf5 18. Qf4 Qd8 19. Nd2 Kg8 20. Bd5 h5 21. Ne4
Be6 22. g4 hxg4 23. Bxe6 fxe6 24. Qxg4 Qe8 25. Ng3 Qf7 26. Nxf5 exf5 27. Qxd4
Rbd8 28. Re3 d5 29. cxd5 Qxd5 30. Qxd5+ Rxd5 31. Rc1 Rf7 32. Rc6 Kh7 33. Kf2 f4
34. Ree6 Rxd3 35. Rxg6 Rd2+ 36. Kf3 Rxh2 37. Rg2 Rh3+ 38. Kf2 f3 39. Rg1 Rh2+
40. Ke3 Re2+ 41. Kd3 Rxb2 42. Rc4 Rg2 43. Rh4+ Kg8 44. Rhh1 Rxg1 45. Rxg1+ Kf8
46. Re1 f2 47. Rf1 Ke7 0-1

[Event "Lloyds Bank Masters 17th"]
[Site "London"]
[Date "1993.08.28"]
[Round "8"]
[White "Gallagher, Joseph G"]
[Black "Howell, James C"]
[Result "1/2-1/2"]
[WhiteElo "2515"]
[BlackElo "2505"]
[PlyCount "90"]
[EventDate "1993.08.21"]
[EventType "swiss"]
[EventRounds "10"]
[EventCountry "ENG"]

1. e4 c5 2. Nf3 e6 3. d4 cxd4 4. Nxd4 Nf6 5. Nc3 d6 6. f4 Be7 7. Be2 a6 8. O-O
Qc7 9. Be3 O-O 10. a4 b6 11. Bf3 Bb7 12. Qe2 Nbd7 13. Rae1 Rfe8 14. Kh1 Nc5 15.
e5 Nfe4 16. Nxe4 Bxe4 17. Bxe4 Nxe4 18. f5 dxe5 19. fxe6 f6 20. Nf5 Nd6 21.
Nxd6 Bxd6 22. Qg4 Kh8 23. Rd1 Qe7 24. Bxb6 Qxe6 25. Qe4 Ba3 26. a5 Bxb2 27. Qb4
Bd4 28. Bxd4 exd4 29. Qxd4 Rac8 30. c3 h6 31. h3 Rc4 32. Qd3 Qc6 33. Rf3 Rc8
34. Re3 Rc5 35. Rde1 Rd5 36. Qg6 Re5 37. Rxe5 fxe5 38. Qxc6 Rxc6 39. Rxe5 Kg8
40. Kh2 Kf7 41. g4 Rxc3 42. h4 Kf6 43. Rf5+ Ke6 44. h5 Rd3 45. Kg2 Ra3 1/2-1/2

[Event "Lloyds Bank Masters 17th"]
[Site "London"]
[Date "1993.08.28"]
[Round "8"]
[White "Gullaksen, Eirik T"]
[Black "Gretarsson, Helgi Ass"]
[Result "1/2-1/2"]
[WhiteElo "2390"]
[BlackElo "2365"]
[PlyCount "89"]
[EventDate "1993.08.21"]
[EventType "swiss"]
[EventRounds "10"]
[EventCountry "ENG"]

1. e4 e5 2. Nf3 Nc6 3. Bb5 a6 4. Ba4 Nf6 5. O-O Nxe4 6. d4 b5 7. Bb3 d5 8. dxe5
Be6 9. Be3 Be7 10. Nbd2 Qd7 11. c3 Rd8 12. Bc2 Bf5 13. Qb1 Nxd2 14. Bxd2 Bxc2
15. Qxc2 O-O 16. Rfe1 Qg4 17. h3 Qg6 18. Qxg6 fxg6 19. a4 d4 20. axb5 axb5 21.
Ra6 dxc3 22. bxc3 Nb8 23. Ra2 Nc6 24. Re4 Bc5 25. Rb2 Rd5 26. Kf1 Bb6 27. Be3
Bxe3 28. Rxe3 Na5 29. Rd2 Rxd2 30. Nxd2 Rd8 31. Ke2 Kf7 32. Rd3 Rxd3 33. Kxd3
Ke6 34. Ke4 c5 35. f4 b4 36. cxb4 cxb4 37. g4 b3 38. f5+ gxf5+ 39. gxf5+ Ke7
40. Kd3 Nc6 41. Nf3 Nxe5+ 42. Nxe5 Kf6 43. Nc4 Kxf5 44. Ke3 g5 45. Kf3 1/2-1/2

[Event "Lloyds Bank Masters 17th"]
[Site "London"]
[Date "1993.08.28"]
[Round "8"]
[White "Nielsen, Uffe V"]
[Black "Adams, Michael"]
[Result "1/2-1/2"]
[WhiteElo "2350"]
[BlackElo "2630"]
[PlyCount "85"]
[EventDate "1993.08.21"]
[EventType "swiss"]
[EventRounds "10"]
[EventCountry "ENG"]

1. d4 Nf6 2. Nf3 e6 3. g3 d5 4. Bg2 Be7 5. O-O O-O 6. c4 dxc4 7. Qc2 a6 8. a4
Bd7 9. Ne5 Bc6 10. Nxc6 Nxc6 11. e3 Na5 12. Nd2 Nd5 13. Nxc4 Nb4 14. Qe2 Nb3
15. Ra3 Nxc1 16. Rxc1 c6 17. a5 Re8 18. Rb3 Rb8 19. Qd2 Nd5 20. e4 Nc7 21. Rd3
Bg5 22. f4 Bf6 23. Nb6 Nb5 24. e5 Be7 25. d5 exd5 26. Bxd5 Qc7 27. Bb3 g6 28.
e6 fxe6 29. f5 gxf5 30. Bxe6+ Kh8 31. Nd7 Bd6 32. Qh6 Re7 33. Qf6+ Rg7 34. Nxb8
Qxb8 35. Bxf5 Be7 36. Qe6 c5 37. b4 Qf8 38. bxc5 Bg5 39. Rc2 Re7 40. Qc8 Re8
41. Qd7 Re7 42. Qc8 Re8 43. Qd7 1/2-1/2

[Event "Lloyds Bank Masters 17th"]
[Site "London"]
[Date "1993.08.28"]
[Round "8"]
[White "Cafferty, Bernard"]
[Black "Duchovny, Eduard"]
[Result "0-1"]
[WhiteElo "2310"]
[BlackElo "2232"]
[PlyCount "82"]
[EventDate "1993.08.21"]
[EventType "swiss"]
[EventRounds "10"]
[EventCountry "ENG"]

1. Nf3 Nf6 2. c4 e6 3. g3 d5 4. Bg2 c6 5. b3 Nbd7 6. Bb2 Bd6 7. d4 Qe7 8. O-O
O-O 9. Nc3 dxc4 10. bxc4 e5 11. e3 Re8 12. Qc2 Rb8 13. Rfd1 a6 14. a4 c5 15.
Ng5 Nf8 16. dxe5 Bxe5 17. Nf3 Bc7 18. Nh4 Bg4 19. Nd5 Nxd5 20. Rxd5 Ng6 21. Nf5
Bxf5 22. Qxf5 Be5 23. Rb1 Bxb2 24. Rxb2 Ne5 25. Qe4 Qf6 26. Rb1 g6 27. Qc2 b6
28. Rbd1 Rbd8 29. a5 bxa5 30. Rxc5 Rxd1+ 31. Qxd1 Rd8 32. Rd5 Rxd5 33. Qxd5 a4
34. Qa5 Nd3 35. Qd2 Qa1+ 36. Bf1 a3 37. Qxd3 a2 38. Qd8+ Kg7 39. c5 Qc3 40. c6
a1=Q 41. c7 Qac1 0-1

[Event "Lloyds Bank Masters 17th"]
[Site "London"]
[Date "1993.08.28"]
[Round "8"]
[White "Cobb, James"]
[Black "Dunnington, Angus J"]
[Result "1/2-1/2"]
[WhiteElo "2280"]
[BlackElo "2415"]
[PlyCount "79"]
[EventDate "1993.08.21"]
[EventType "swiss"]
[EventRounds "10"]
[EventCountry "ENG"]

1. e4 d6 2. Nc3 g6 3. f4 c6 4. Nf3 d5 5. d3 Bg7 6. Bd2 Na6 7. g3 Qb6 8. Rb1
dxe4 9. dxe4 Nf6 10. Bg2 O-O 11. Qe2 Be6 12. a3 Nc7 13. e5 Nd7 14. Be3 Qa6 15.
Qxa6 Nxa6 16. Nd4 Nc7 17. Nxe6 Nxe6 18. Rd1 Rfd8 19. Ke2 Nb6 20. Bh3 Nc7 21.
Rxd8+ Rxd8 22. Rd1 Rxd1 23. Kxd1 e6 24. Ne4 Nc4 25. Bc1 b5 26. b3 Nb6 27. Ke2
Bf8 28. Kd3 Be7 29. Bg2 c5 30. c4 a5 31. Bd2 a4 32. Ba5 Nca8 33. cxb5 axb3 34.
Nd2 Nd5 35. Nxb3 c4+ 36. Kxc4 Ne3+ 37. Kd3 Nxg2 38. b6 Nxb6 39. Bxb6 Bxa3 40.
Ke2 1/2-1/2

[Event "Lloyds Bank Masters 17th"]
[Site "London"]
[Date "1993.08.28"]
[Round "8"]
[White "Wells, Peter K"]
[Black "Mortazavi, Ali"]
[Result "1-0"]
[WhiteElo "2455"]
[BlackElo "2345"]
[PlyCount "79"]
[EventDate "1993.08.21"]
[EventType "swiss"]
[EventRounds "10"]
[EventCountry "ENG"]

1. d4 e6 2. c4 f5 3. g3 Nf6 4. Bg2 d5 5. Nh3 c6 6. O-O Bd6 7. Bf4 O-O 8. Bxd6
Qxd6 9. Qc2 Qe7 10. Nd2 Nbd7 11. Nf4 Ne4 12. Nf3 Ndf6 13. Ne5 Bd7 14. Rac1 Be8
15. f3 Nd6 16. Qb3 Bf7 17. Qb4 Rfe8 18. b3 a5 19. Qd2 a4 20. Qb4 axb3 21. axb3
Ra2 22. Ra1 Rea8 23. Rxa2 Rxa2 24. e4 Nh5 25. Nxh5 Bxh5 26. cxd5 exd5 27. exd5
cxd5 28. Re1 Qc7 29. Qc5 Qxc5 30. dxc5 Nb5 31. g4 Be8 32. gxf5 Nd4 33. b4 Ne2+
34. Kh1 Nf4 35. Bf1 Bh5 36. b5 Rc2 37. c6 bxc6 38. bxc6 d4 39. Bc4+ Kh8 40. c7
1-0

[Event "Lloyds Bank Masters 17th"]
[Site "London"]
[Date "1993.08.28"]
[Round "8"]
[White "Arakhamia Grant, Ketevan"]
[Black "Hebden, Mark"]
[Result "0-1"]
[WhiteElo "2440"]
[BlackElo "2560"]
[PlyCount "78"]
[EventDate "1993.08.21"]
[EventType "swiss"]
[EventRounds "10"]
[EventCountry "ENG"]

1. e4 e5 2. Nf3 Nc6 3. Bb5 a6 4. Ba4 Nf6 5. O-O Be7 6. Qe2 b5 7. Bb3 O-O 8. c3
d5 9. d3 Re8 10. Nbd2 Bf8 11. Re1 Bb7 12. a3 Na7 13. exd5 Bxd5 14. c4 bxc4 15.
dxc4 Bb7 16. Nf1 e4 17. Ng5 h6 18. Rd1 Qb8 19. Nh3 Bc8 20. Qe3 Bxh3 21. gxh3
Nc6 22. Qc3 Ne5 23. c5 Qb5 24. Be3 Rab8 25. Bc2 Qxb2 26. Qxb2 Rxb2 27. Ba4 Reb8
28. Kg2 Nd3 29. Bd4 Nf4+ 30. Kh1 Nxh3 31. Bxb2 Nxf2+ 32. Kg1 Rxb2 33. Rd8 N6g4
34. Kg2 Nd3+ 35. Kg3 Nf6 36. c6 Nh5+ 37. Kg4 g6 38. Rc8 Rg2+ 39. Kh4 g5+ 0-1

[Event "Lloyds Bank Masters 17th"]
[Site "London"]
[Date "1993.08.28"]
[Round "8"]
[White "King, Daniel J"]
[Black "Gokhale, Jayant Suresh"]
[Result "1/2-1/2"]
[WhiteElo "2455"]
[BlackElo "2330"]
[PlyCount "73"]
[EventDate "1993.08.21"]
[EventType "swiss"]
[EventRounds "10"]
[EventCountry "ENG"]

1. c4 e5 2. g3 Nc6 3. Bg2 g6 4. Nc3 Bg7 5. e3 d6 6. Nge2 Nf6 7. d4 Bg4 8. d5
Ne7 9. h3 Bc8 10. e4 O-O 11. Be3 Nd7 12. Qd2 f5 13. f3 Nf6 14. g4 Kh8 15. c5
Neg8 16. O-O-O Rf7 17. Kb1 Bf8 18. cxd6 cxd6 19. exf5 gxf5 20. f4 fxg4 21. fxe5
dxe5 22. Ng3 gxh3 23. Bxh3 Ng4 24. Nce4 N8f6 25. Ng5 Rg7 26. Bg1 Qe8 27. Bg2
Qg6+ 28. N5e4 Rd7 29. Qg5 Qxg5 30. Nxg5 Rg7 31. Ne6 Bxe6 32. dxe6 Ne3 33. Bxe3
Rxg3 34. Bxb7 Re8 35. Bxa7 Kg7 36. Rd7+ Nxd7 37. exd7 1/2-1/2

[Event "Lloyds Bank Masters 17th"]
[Site "London"]
[Date "1993.08.28"]
[Round "8"]
[White "McEwan, Kenneth B"]
[Black "Griffiths, Paul V"]
[Result "0-1"]
[WhiteElo "2120"]
[BlackElo "2240"]
[PlyCount "72"]
[EventDate "1993.08.21"]
[EventType "swiss"]
[EventRounds "10"]
[EventCountry "ENG"]

1. e4 e5 2. Nf3 Nc6 3. Bc4 Nf6 4. d3 Be7 5. O-O O-O 6. Re1 d6 7. c3 Bg4 8. h3
Bh5 9. Nbd2 Na5 10. Bb5 a6 11. Ba4 b5 12. Bc2 c5 13. Nf1 Re8 14. g4 Bg6 15. Ng3
Nc6 16. h4 h5 17. g5 Nh7 18. Bb3 Qd7 19. Kh2 Kh8 20. Rg1 Rf8 21. Be3 f6 22. Nf5
fxg5 23. Nxe7 Nxe7 24. hxg5 c4 25. dxc4 Bxe4 26. Nh4 g6 27. cxb5 Kg7 28. f3 Bb7
29. f4 Nf5 30. Nxf5+ Rxf5 31. fxe5 Qxb5 32. exd6 Nxg5 33. Qd4+ Kh7 34. c4 Nf3+
35. Kg3 Nxd4 36. cxb5 Rf3+ 0-1

[Event "Lloyds Bank Masters 17th"]
[Site "London"]
[Date "1993.08.28"]
[Round "8"]
[White "Lane, Gary William"]
[Black "Saunders, John C"]
[Result "1-0"]
[WhiteElo "2430"]
[BlackElo "2245"]
[PlyCount "71"]
[EventDate "1993.08.21"]
[EventType "swiss"]
[EventRounds "10"]
[EventCountry "ENG"]

1. e4 c6 2. d4 d5 3. e5 Bf5 4. h4 h5 5. c4 e6 6. Nc3 Nd7 7. Bg5 Be7 8. Qd2 dxc4
9. Bxc4 Bxg5 10. hxg5 Ne7 11. Be2 Bg6 12. g4 h4 13. Nf3 h3 14. Rd1 Nb6 15. Ng1
h2 16. Nf3 Ned5 17. Rxh2 Rxh2 18. Nxh2 Qe7 19. Nf1 O-O-O 20. Ng3 Kb8 21. Nce4
Nc8 22. Kf1 Qb4 23. Qc1 Qe7 24. a3 Qc7 25. Nc5 Ncb6 26. Ba6 Nd7 27. Nxb7 Qb6
28. Qc4 Rh8 29. Nd6 Nc7 30. Bb7 Qxb2 31. Kg1 Nd5 32. Bxc6 Ne3 33. fxe3 Qh2+ 34.
Kf1 Qxg3 35. Qa6 Kc7 36. Qb7+ 1-0

[Event "Lloyds Bank Masters 17th"]
[Site "London"]
[Date "1993.08.28"]
[Round "8"]
[White "Basman, Michael John"]
[Black "Cooper, Lawrence"]
[Result "1-0"]
[WhiteElo "2350"]
[BlackElo "2310"]
[PlyCount "69"]
[EventDate "1993.08.21"]
[EventType "swiss"]
[EventRounds "10"]
[EventCountry "ENG"]

1. h3 b6 2. c4 Bb7 3. Nc3 Nf6 4. d3 e6 5. e4 d6 6. g4 Be7 7. Bg2 c5 8. f4 Nfd7
9. Nf3 Nc6 10. Be3 a6 11. O-O Qc7 12. Rb1 h6 13. a3 g5 14. fxg5 hxg5 15. Nxg5
Nde5 16. b4 Nd4 17. bxc5 bxc5 18. Rb2 Rg8 19. Nf3 Ndxf3+ 20. Bxf3 Bc6 21. Bg2
Rb8 22. Rxb8+ Qxb8 23. Qc2 Qc7 24. Rb1 Bf6 25. Ne2 Qa7 26. Ng3 Qc7 27. Nh5 Be7
28. Qc3 f5 29. gxf5 exf5 30. Kh1 Nxd3 31. Nf6+ Bxf6 32. Qxf6 Rxg2 33. Kxg2
Bxe4+ 34. Kf1 Ne5 35. Qe6+ 1-0

[Event "Lloyds Bank Masters 17th"]
[Site "London"]
[Date "1993.08.28"]
[Round "8"]
[White "Watson, William N"]
[Black "Kwiatkowski, Feliks J"]
[Result "1-0"]
[WhiteElo "2550"]
[BlackElo "2250"]
[PlyCount "69"]
[EventDate "1993.08.21"]
[EventType "swiss"]
[EventRounds "10"]
[EventCountry "ENG"]

1. e4 e6 2. d4 d5 3. Nc3 Bb4 4. e5 c5 5. Bd2 Ne7 6. f4 O-O 7. Nf3 Nbc6 8. Bd3
Nf5 9. dxc5 Bxc5 10. Qe2 Nb4 11. a3 Nxd3+ 12. Qxd3 Bd7 13. O-O-O h5 14. Ng5 g6
15. g3 Qb6 16. h3 Qa6 17. Qxa6 bxa6 18. Be1 Bc6 19. Rd3 Be7 20. Rh2 Bxg5 21.
fxg5 d4 22. Nd1 Bb5 23. Rb3 Bc4 24. Rb4 Rac8 25. Rd2 a5 26. Rb7 Rfd8 27. Bf2 d3
28. g4 hxg4 29. hxg4 Nd4 30. Bxd4 Rxd4 31. Ne3 Bd5 32. Rxa7 Be4 33. Rxa5 Rdd8
34. Ra4 Bf3 35. Rf4 1-0

[Event "Lloyds Bank Masters 17th"]
[Site "London"]
[Date "1993.08.28"]
[Round "8"]
[White "Sakhatova, Elvira->Berend"]
[Black "McDonald, Neil R"]
[Result "1/2-1/2"]
[WhiteElo "2235"]
[BlackElo "2395"]
[PlyCount "67"]
[EventDate "1993.08.21"]
[EventType "swiss"]
[EventRounds "10"]
[EventCountry "ENG"]

1. d4 Nf6 2. Nf3 g6 3. c4 Bg7 4. g3 O-O 5. Bg2 d6 6. O-O Nbd7 7. Nc3 e5 8. e4
c6 9. h3 Qb6 10. c5 dxc5 11. dxe5 Ne8 12. e6 fxe6 13. Ng5 Ne5 14. f4 c4+ 15.
Kh2 Nd3 16. e5 Nc7 17. h4 Bd7 18. Qe2 Nd5 19. h5 h6 20. Nf3 Nxc1 21. Rfxc1 g5
22. fxg5 hxg5 23. Re1 Be8 24. Nxd5 cxd5 25. Nxg5 Rf2 26. Qg4 Qxb2 27. Qxe6+ Bf7
28. Nxf7 Rxg2+ 29. Kh3 Rh2+ 30. Kg4 Qd4+ 31. Kg5 Qd2+ 32. Kg4 Qd4+ 33. Kg5 Qd2+
34. Kg4 1/2-1/2

[Event "Lloyds Bank Masters 17th"]
[Site "London"]
[Date "1993.08.28"]
[Round "8"]
[White "O'Cinneide, Mel"]
[Black "Timoscenko, Gennadij"]
[Result "1/2-1/2"]
[WhiteElo "2225"]
[BlackElo "2540"]
[PlyCount "63"]
[EventDate "1993.08.21"]
[EventType "swiss"]
[EventRounds "10"]
[EventCountry "ENG"]

1. c4 g6 2. Nc3 Bg7 3. g3 Nf6 4. Bg2 O-O 5. e4 c5 6. Nge2 Nc6 7. O-O Ne8 8. a3
Nc7 9. Rb1 Rb8 10. b4 cxb4 11. axb4 b5 12. d4 bxc4 13. b5 Na5 14. Qa4 Nb3 15.
Qxc4 Nxc1 16. Rfxc1 Bb7 17. Ra1 Ra8 18. Na4 Ne6 19. Nc5 Nxc5 20. Qxc5 Qb6 21.
Qxe7 Rae8 22. Qxd7 Bxe4 23. Bxe4 Rxe4 24. Nc3 Rxd4 25. Nd5 Rxd5 26. Qxd5 Rd8
27. Qc6 Bxa1 28. Rxa1 Qd4 29. Re1 Rd5 30. Re7 Rf5 31. Qa8+ Kg7 32. Qxa7 1/2-1/2

[Event "Lloyds Bank Masters 17th"]
[Site "London"]
[Date "1993.08.28"]
[Round "8"]
[White "Webster, Andrew"]
[Black "Roberts, Paul"]
[Result "1-0"]
[WhiteElo "2410"]
[BlackElo "2195"]
[PlyCount "61"]
[EventDate "1993.08.21"]
[EventType "swiss"]
[EventRounds "10"]
[EventCountry "ENG"]

1. d4 f5 2. g3 g6 3. Bg2 Nf6 4. Nf3 Bg7 5. O-O O-O 6. c4 d6 7. Nc3 Qe8 8. Bf4
h6 9. c5 g5 10. Bd2 dxc5 11. dxc5 e5 12. e4 f4 13. Re1 Nc6 14. Nd5 Qd8 15. Bc3
Re8 16. b4 g4 17. Nd2 f3 18. Bf1 Be6 19. b5 Ne7 20. Bxe5 Nexd5 21. exd5 Bxd5
22. Qa4 Be6 23. Nb3 Qe7 24. Nd4 Kh8 25. Bxc7 Qf7 26. Be5 h5 27. Rac1 Bxa2 28.
Nf5 Bb3 29. Qf4 Rf8 30. Ba1 Be6 31. Nxg7 1-0

[Event "Lloyds Bank Masters 17th"]
[Site "London"]
[Date "1993.08.28"]
[Round "8"]
[White "Buckley, Graeme"]
[Black "Hunt, Harriet"]
[Result "1/2-1/2"]
[WhiteElo "2305"]
[BlackElo "2135"]
[PlyCount "57"]
[EventDate "1993.08.21"]
[EventType "swiss"]
[EventRounds "10"]
[EventCountry "ENG"]

1. d4 d5 2. c4 e6 3. Nc3 Nf6 4. Nf3 Be7 5. Bg5 O-O 6. e3 h6 7. Bh4 b6 8. Rc1
Bb7 9. Be2 c5 10. dxc5 bxc5 11. Qb3 Bc6 12. Ne5 d4 13. exd4 cxd4 14. Nxc6 Nxc6
15. Bxf6 Bxf6 16. Ne4 Qa5+ 17. Kf1 Bg5 18. Nxg5 Qxg5 19. Qd1 Rab8 20. b3 Rfd8
21. h4 Qa5 22. Rh3 Qxa2 23. Bd3 Qa5 24. Rg3 Ne5 25. Qh5 Qd2 26. Qxe5 Qxc1+ 27.
Ke2 Kf8 28. Qc5+ Kg8 29. Qe5 1/2-1/2

[Event "Lloyds Bank Masters 17th"]
[Site "London"]
[Date "1993.08.28"]
[Round "8"]
[White "Gavriel, Tryfon"]
[Black "Murugan, Krishnamoorthy"]
[Result "1-0"]
[WhiteElo "2190"]
[BlackElo "2430"]
[PlyCount "56"]
[EventDate "1993.08.21"]
[EventType "swiss"]
[EventRounds "10"]
[EventCountry "ENG"]

1. e4 c5 2. Nf3 e6 3. d4 cxd4 4. Nxd4 Nf6 5. Nc3 d6 6. g4 Nc6 7. g5 Nd7 8. h4
Be7 9. Be3 O-O 10. Qd2 a6 11. O-O-O Nxd4 12. Qxd4 b5 13. Kb1 Rb8 14. Ne2 b4 15.
Ng3 Re8 16. Qd2 Qa5 17. h5 Nc5 18. b3 Bb7 19. f3 d5 20. Bd3 Rbd8 21. g6 Nxd3
22. cxd3 fxg6 23. hxg6 hxg6 24. Bd4 Bf8 25. Qg5 Kf7 26. Rh7 e5 27. Bxe5 Re6 28.
Qf4+ Ke8 1-0

[Event "Lloyds Bank Masters 17th"]
[Site "London"]
[Date "1993.08.28"]
[Round "8"]
[White "Hennigan, Michael"]
[Black "Merriman, John"]
[Result "1-0"]
[WhiteElo "2415"]
[BlackElo "2235"]
[PlyCount "51"]
[EventDate "1993.08.21"]
[EventType "swiss"]
[EventRounds "10"]
[EventCountry "ENG"]

1. e4 e6 2. d4 d5 3. Nd2 Nf6 4. e5 Nfd7 5. f4 c5 6. c3 Nc6 7. Ndf3 Qb6 8. g3
cxd4 9. cxd4 Bb4+ 10. Kf2 f6 11. Kg2 O-O 12. a3 Be7 13. b4 fxe5 14. fxe5 a5 15.
b5 Ncxe5 16. dxe5 Nxe5 17. Ra2 Nxf3 18. Nxf3 e5 19. Nxe5 Qe6 20. Nf3 Qh3+ 21.
Kf2 Qh5 22. h3 Bf5 23. Qxd5+ Kh8 24. Be2 Rf6 25. g4 Qg6 26. gxf5 1-0

[Event "Lloyds Bank Masters 17th"]
[Site "London"]
[Date "1993.08.28"]
[Round "8"]
[White "Morris, Philip"]
[Black "Babar, Frank"]
[Result "1-0"]
[WhiteElo "2380"]
[BlackElo "2230"]
[PlyCount "51"]
[EventDate "1993.08.21"]
[EventType "swiss"]
[EventRounds "10"]
[EventCountry "ENG"]

1. e4 c5 2. Nf3 e6 3. d4 cxd4 4. Nxd4 a6 5. Bd3 Qc7 6. O-O Nf6 7. c4 d6 8. Nc3
Be7 9. b3 O-O 10. Bb2 b6 11. f4 Bb7 12. Qe2 Nfd7 13. Rac1 Bf6 14. Nf3 Qd8 15.
Bb1 b5 16. e5 dxe5 17. fxe5 Nxe5 18. Nxe5 Qd4+ 19. Kh1 Qxe5 20. Ne4 Qxb2 21.
Nxf6+ Qxf6 22. Rxf6 gxf6 23. Qg4+ Kh8 24. Qh4 f5 25. Qf6+ Kg8 26. Rc3 1-0

[Event "Lloyds Bank Masters 17th"]
[Site "London"]
[Date "1993.08.28"]
[Round "8"]
[White "Summerscale, Aaron"]
[Black "Har Zvi, Ronen"]
[Result "1/2-1/2"]
[WhiteElo "2355"]
[BlackElo "2505"]
[PlyCount "51"]
[EventDate "1993.08.21"]
[EventType "swiss"]
[EventRounds "10"]
[EventCountry "ENG"]

1. d4 Nf6 2. Nf3 g6 3. Bg5 Bg7 4. Nbd2 c5 5. Bxf6 Bxf6 6. Ne4 Bxd4 7. Nxd4 cxd4
8. Qxd4 O-O 9. c4 Qa5+ 10. Nc3 Nc6 11. Qd2 d6 12. g3 Be6 13. b3 Rac8 14. Bg2 a6
15. Nd5 Bxd5 16. Qxa5 Bxg2 17. Qg5 Bxh1 18. f3 Bg2 19. Qh4 Ne5 20. Kf2 Bxf3 21.
exf3 b5 22. Qxe7 bxc4 23. bxc4 Rxc4 24. Rf1 Rc2+ 25. Kg1 Rb8 26. Rf2 1/2-1/2

[Event "Lloyds Bank Masters 17th"]
[Site "London"]
[Date "1993.08.28"]
[Round "8"]
[White "Naumkin, Igor"]
[Black "Arkell, Keith C"]
[Result "1-0"]
[WhiteElo "2450"]
[BlackElo "2460"]
[PlyCount "47"]
[EventDate "1993.08.21"]
[EventType "swiss"]
[EventRounds "10"]
[EventCountry "ENG"]

1. d4 Nf6 2. c4 e6 3. Nf3 b6 4. g3 Ba6 5. b3 b5 6. cxb5 Bxb5 7. Bg2 c5 8. O-O
Bc6 9. Bb2 Be7 10. Nbd2 cxd4 11. Nxd4 Bxg2 12. Kxg2 O-O 13. Rc1 a5 14. a4 Na6
15. Nc4 Nb4 16. f3 Ra6 17. Qd2 Qb8 18. Nb5 d5 19. Ne5 Rd8 20. Rc7 Bd6 21. Rxf7
Bxe5 22. Rxg7+ Kf8 23. Qh6 Bxb2 24. Rxh7+ 1-0

[Event "Lloyds Bank Masters 17th"]
[Site "London"]
[Date "1993.08.28"]
[Round "8"]
[White "Kumaran, Dharshan"]
[Black "Houska, Miroslav"]
[Result "1-0"]
[WhiteElo "2425"]
[BlackElo "2300"]
[PlyCount "45"]
[EventDate "1993.08.21"]
[EventType "swiss"]
[EventRounds "10"]
[EventCountry "ENG"]

1. d4 f5 2. Nc3 Nf6 3. Bg5 e6 4. g4 fxg4 5. e4 Be7 6. Qd2 Nc6 7. O-O-O e5 8.
dxe5 Nxe5 9. h3 d6 10. hxg4 Bxg4 11. Be2 Bxe2 12. Qxe2 Nf7 13. Bh4 g5 14. e5
Nd7 15. e6 gxh4 16. exf7+ Kf8 17. Nf3 c6 18. Nd4 Qa5 19. f4 Nc5 20. Rde1 Qd8
21. Ne6+ Nxe6 22. Qxe6 d5 23. Rhg1 1-0

[Event "Lloyds Bank Masters 17th"]
[Site "London"]
[Date "1993.08.28"]
[Round "8"]
[White "Sheldon, Ruth"]
[Black "Rahal, Michael A"]
[Result "1-0"]
[WhiteElo "2040"]
[BlackElo "2310"]
[PlyCount "39"]
[EventDate "1993.08.21"]
[EventType "swiss"]
[EventRounds "10"]
[EventCountry "ENG"]

1. d4 e6 2. c4 f5 3. g3 Nf6 4. Bg2 Bb4+ 5. Bd2 Bxd2+ 6. Qxd2 O-O 7. Nc3 d6 8.
Nf3 Nc6 9. O-O Qe8 10. Nb5 Qe7 11. d5 Nd8 12. dxe6 Nxe6 13. b3 f4 14. Nh4 g6
15. Nd4 fxg3 16. fxg3 Nc5 17. Qg5 Nce4 18. Nxg6 hxg6 19. Qxg6+ Kh8 20. Bxe4 1-0